LEADER 01274nam a2200265 i 4500 001 000000067675 003 CaOOAMICUS 005 20100603000000.0 008 100603s1971 it u000 u ita u 013 $a38847 040 $aSeMil$bita 100 1 $aTillich, Paul Johannes,$d<1886-1965>.$0(OLS)http://semarc/name/1471 240 10$aChristianity and the encounter of the world religions ; Autobiographical reflections.$0(OLS)http://semarc/title/107859 245 13$aIl cristianesimo e le religioni e riflessioni autobiografiche /$cPaul Tillich ; presentazione di Fabio Ricardi. 260 $aMilano :$bMursia,$c1971. 300 $a163 p. ;$c20 cm. 490 0 $aIl cammino : pensiero e civiltà ;$v5 650 4$aCristianesimo e religioni non cristiane.$0(OLS)http://semarc/subject/3360 650 4$aEcumenismo.$0(OLS)http://semarc/subject/3071 700 1 $aRicardi, Fabio <1938->.$0(OLS)http://semarc/name/30787 830 3$aIl cammino ;$v5.$0(OLS)http://semarc/title/13185 850 $aSeMil 852 $aSeMil$W1$xVenegono$y1$m2O I 228$j33828$B33828$CSeMilBibl$Z2$F33831 $81 996 $6245$aIl cristianesimo e le religioni e riflessioni autobiografiche$9(OLS)http://semarc/title/107858 996 $6260$aMilano :$bMursia$9(OLS)http://semarc/publisher/30230 LEADER 00847nam a2200193 i 4500 001 000000001577 003 CaOOAMICUS 005 20180830125435.0 008 180830s1988 fr u000 u und u 040 $aSeMil$bita 100 0 $aAphrahat,$c.$0(OLS)http://semarc/name/1424 245 14$aLes exposés /$cAphraate le Sage Persan. 260 $aParis :$bLes Éditions du Cerf,$c1988-1989. 300 $a2 v. (1042 p.) ;$c20 cm. 773 0 $tSources chrétiennes.$dParis : Les Éditions du Cerf, 1941-$kSources chrétiennes$x0750-1978$w()41 774 0 $tExposés 1.-9..$kSources chrétiennes$z2-204-03051-1$gTome1$w()35078 774 0 $tExposés 11.-23..$kSources chrétiennes$z2-204-04091-6$gTome2$w()81446 996 $6245$aLes exposés$9(OLS)http://semarc/title/2570 996 $6260$aParis :$bLes Éditions du Cerf$9(OLS)http://semarc/publisher/29611